| 000 | 00580nam a2200181 i 4500 | ||
|---|---|---|---|
| 001 | 113621 | ||
| 003 | ES-MaACL | ||
| 005 | 20230906185948.0 | ||
| 007 | t| | ||
| 008 | 061121s1911 fr r ||||1| fre d | ||
| 100 | 1 |
_aPacoret, Etienne. _988161 |
|
| 245 | 1 | 3 |
_aLa technique de la Houille Balnche et des transports d'energie electrique / _cpar Etienne Pacoret : prèface de M. A. Blondel. |
| 250 | _a2e èd. | ||
| 260 |
_aParis : _bDeslis Freres, _c1911. |
||
| 300 |
_a2 v. : _bil ; _c25 cm. |
||
| 700 | 1 |
_aBlondel, André ( _d1863-1938) _9158712 |
|
| 852 |
_aES-MaACL _jF-2430-31 |
||
| 999 |
_c113621 _d113621 |
||